Capitales avec la lettre C - Statistiques

Statistiques générales
  • Ce quiz a été pris 314 fois
  • Le résultat moyen est 20 sur 30
Statistiques - réponses
Hint Réponse % Correct
C Canberra
88%
CC Caracas
84%
C Copenhague
84%
C Le Caire
78%
C Chisinau
76%
C Bucarest
75%
C Moscou
75%
C Stockholm
75%
C Vatican
74%
C Mexico
72%
CC Accra
70%
C Nicosie
69%
C Monaco
66%
C Conakry
65%
CC Dacca
65%
C Le Cap
65%
C Mogadiscio
65%
C Castries
63%
C Podgorica
63%
C Tachkent
61%
C Bichkek
60%
C Asuncion
58%
C Tégucigalpa
58%
C Achgabat
57%
C Mascate
57%
C Douchanbé
55%
C Port-au-Prince
55%
C Victoria
53%
C Nouakchott
49%
C Sucre
44%
Aucun quiz correspondant
Distribution des résultats
% des personnes avec chaque résultat
Percentile par nombre de réponses
Votre historique - résultats
Vous n’avez pas pris ce quiz